000 00454nam a2200193Ia 4500
003 GCL
008 140319s9999 xx 000 0 eng d
040 _aGCL /
_cGCL
082 0 4 _a745.546
_bD P
100 1 _aPLAYER, LESLEY
245 1 0 _aDECOUPAGE /
_cPLAYER, LESLEY
260 _a[S.N] :
_bAPPLE PRESS ،
_c1996
300 _a48 P
650 0 4 _aHAND CRAFTS
650 0 4 _aDE COUPAGE
650 0 4 _aPAPER CRAFT
650 0 4 _aARTS
942 _2ddc
_cBK
999 _c13723
_d13723